Роль русских ученых в развитии электротехники; Научно-техническая конференция, посвященная 25-летию Великой Октябрьской социалистической революции, Томск 3-6 декабря 1942 г.

Detalles Bibliográficos
Parent link:Научно-техническая конференция, посвященная 25-летию Великой Октябрьской социалистической революции, Томск 3-6 декабря 1942 г..— 1942.— С. 58
Autor Principal: Воронов Р. А. Ростислав Александрович
Idioma:ruso
Publicado: 1942
Series:Энергетическая секция
Subjects:
Formato: MixedMaterials Capítulo de libro
KOHA link:https://koha.lib.tpu.ru/cgi-bin/koha/opac-detail.pl?biblionumber=176829

MARC

LEADER 00000naa2a2200000 4500
001 176829
005 20231101223310.0
035 |a (RuTPU)RU\TPU\book\191722 
035 |a RU\TPU\tpu\3929 
090 |a 176829 
100 |a 20100304d1942 y0rusy50 ca 
101 0 |a rus 
102 |a RU 
200 1 |a Роль русских ученых в развитии электротехники  |f Р. А. Воронов 
225 1 |a Энергетическая секция 
463 0 |0 (RuTPU)RU\TPU\book\175283  |t Научно-техническая конференция, посвященная 25-летию Великой Октябрьской социалистической революции, Томск 3-6 декабря 1942 г.  |o тезисы докладов  |f Томский индустриальный институт (ТИИ) ; под ред. К. Н. Шмаргунов ; М. К. Коровин  |v С. 58  |d 1942  |p 74 с. 
610 1 |a электротехника 
610 1 |a труды учёных ТПУ 
700 1 |a Воронов  |b Р. А.  |c советский ученый-электротехник  |c профессор ТПИ  |f 1904-1977  |g Ростислав Александрович  |2 stltpush  |3 (RuTPU)RU\TPU\pers\21859  |9 9197 
801 0 |a RU  |b 63413507  |c 20011210  |g PSBO 
801 2 |a RU  |b 63413507  |c 20100311  |g PSBO 
942 |c BK